| 000 | 00861nam a22002297a 4500 | ||
|---|---|---|---|
| 003 | UA-OsUOA | ||
| 001 | 118694 | ||
| 007 | ta | ||
| 008 | 20160913b un ||||| |||| 00| 0 ukr d | ||
| 100 | _aЛовінська Л.Г. | ||
| 700 | _aДьяченко Я.Я. | ||
| 090 |
_a657 _bЛ68 |
||
| 942 | _cSA | ||
| 040 |
_aUA-OsUOA _bukr _cUA-OsUOA _dUA-OsUOA |
||
| 245 | _aМетодичні підходи до моніторингу запровадження та дотримання міжнародних стандартів бухгалтерського обліку в державному секторі | ||
| 300 | _aС.72-82 | ||
| 955 | _a0 | ||
| 041 | _aukr | ||
| 080 | _a657 | ||
| 773 | 0 |
_w118691 _tФінанси України _dК. _d2016 _g6 |
|
| 650 | 7 |
_a657 Бухгалтерія. Бухгалтерський облік. Рахівництво _2UDC |
|
| 999 |
_c404777 _d404777 |
||